000 00293nam a2200109Ia 4500
008 220204s9999 xx 000 0 und d
082 _a338.93(035)
_bMEH
100 _aMehan, K K
245 0 _aSmall industry entrepreneurs handbook
260 _aBombay
_bProductivity services
_c1973
942 _cBK
999 _c23148
_d23148